[Event "AUT-ch U14"]
[Site "St Veit"]
[Date "2021.10.27"]
[Round "5.11"]
[White "Ertugrul, Ege"]
[Black "Ganbat, Gan Erdene"]
[Result "0-1"]
[WhiteElo "1129"]
[BlackElo "1324"]
[PlyCount "88"]
[EventDate "2021.10.25"]
[EventType "swiss"]
[EventRounds "7"]
[EventCountry "AUT"]
[SourceTitle "EXT 2023"]
[Source "ChessBase"]
[SourceDate "2022.10.05"]
[SourceVersion "1"]
[SourceVersionDate "2022.10.05"]
[SourceQuality "1"]

1. d4 d5 2. c4 e6 3. Nc3 Nf6 4. cxd5 exd5 5. Bg5 Be7 6. e3 h6 7. Bh4 Be6 8. Nge2 c6 9. a3 Nbd7 10. b4 Qc7 11. Bg3 Bd6 12. b5 Bxg3 13. hxg3 a6 14. bxc6 bxc6 15. Nf4 Rb8 16. Bxa6 Qa5 17. Bd3 Qxc3+ 18. Kf1 Ke7 19. Ne2 Qa5 20. f4 Ng4 21. Qc1 Ndf6 22. Nc3 Nxe3+ 23. Qxe3 Qxc3 24. Rc1 Ng4 25. Qxe6+ fxe6 26. Rxc3 Ne3+ 27. Ke2 Nf5 28. Bxf5 exf5 29. Rxc6 Rb2+ 30. Kd3 Rxg2 31. Re1+ Kd7 32. Rg6 Rh7 33. Re2 Rg1 34. Kc3 h5 35. a4 h4 36. a5 h3 37. Rh2 Rg2 38. Rxh3 Rxh3 39. Kb4 Rgxg3 40. Rxg3 Rxg3 41. Kb5 Rb3+ 42. Ka6 Kc6 43. Ka7 Kb5 44. a6 Ra3 0-1

[Event "AUT-ch U14"]
[Site "St Veit"]
[Date "2021.10.27"]
[Round "4.12"]
[White "Gschwandtl, Alexander"]
[Black "Ertugrul, Ege"]
[Result "0-1"]
[WhiteElo "1079"]
[BlackElo "1129"]
[PlyCount "70"]
[EventDate "2021.10.25"]
[EventType "swiss"]
[EventRounds "7"]
[EventCountry "AUT"]
[SourceTitle "EXT 2023"]
[Source "ChessBase"]
[SourceDate "2022.10.05"]
[SourceVersion "1"]
[SourceVersionDate "2022.10.05"]
[SourceQuality "1"]

1. d4 e5 2. dxe5 Nc6 3. Nf3 Qe7 4. Bg5 Qb4+ 5. Bd2 Qxb2 6. Bc3 Bb4 7. Qd3 Bxc3+ 8. Kd1 Qxa1 9. Qxc3 Qxc3 10. Nxc3 d6 11. exd6 cxd6 12. Nd5 Kd7 13. Ng5 Nge7 14. Ne3 h6 15. Nf3 Kc7 16. g3 Bg4 17. Nxg4 Ne5 18. Ngxe5 dxe5 19. Nxe5 Rad8+ 20. Kc1 Rd5 21. f4 f6 22. Nd3 Nf5 23. Bg2 Rb5 24. Kd2 Re8 25. e4 Nd6 26. Re1 Nc4+ 27. Kc3 Na3 28. Nf2 f5 29. e5 Re6 30. Rd1 Rc5+ 31. Kb4 Rxc2 32. Rf1 Nc4 33. Kb3 Ne3 34. Bh3 Rb6+ 35. Ka3 Nc4+ 0-1

[Event "AUT-ch U12"]
[Site "St Veit"]
[Date "2019.06.09"]
[Round "3.14"]
[White "Ertugrul, Ege"]
[Black "Rabitsch, David"]
[Result "0-1"]
[WhiteElo "998"]
[BlackElo "1246"]
[PlyCount "54"]
[EventDate "2019.06.08"]
[EventType "swiss"]
[EventRounds "7"]
[EventCountry "AUT"]
[SourceTitle "EXT 2024"]
[Source "ChessBase"]
[SourceDate "2023.10.10"]
[SourceVersion "1"]
[SourceVersionDate "2023.10.10"]
[SourceQuality "1"]

1. e4 e5 2. Nf3 Nc6 3. Nc3 Nf6 4. d4 exd4 5. Nxd4 Bb4 6. Bd3 Nxd4 7. e5 Qe7 8. Bd2 Qxe5+ 9. Ne2 Bxd2+ 10. Qxd2 Nxe2 11. Bxe2 0-0 12. 0-0-0 Re8 13. Rhe1 Qxh2 14. Kb1 Qxg2 15. Rg1 Qe4 16. Rde1 d6 17. Bd3 Qc6 18. Qg5 Rxe1+ 19. Rxe1 Qc5 20. Qh4 Be6 21. Rg1 Kf8 22. Bxh7 Qd5 23. b3 Qh5 24. Qg3 Qxh7 25. Qf3 c6 26. Rh1 Bd5 27. Qxf6 Qxh1+ 0-1

[Event "AUT-ch U12"]
[Site "St Veit"]
[Date "2019.06.08"]
[Round "2.14"]
[White "Ertugrul, Ege"]
[Black "Wohlgenannt, Nicolas"]
[Result "0-1"]
[WhiteElo "998"]
[BlackElo "1422"]
[PlyCount "60"]
[EventDate "2019.06.08"]
[EventType "swiss"]
[EventRounds "7"]
[EventCountry "AUT"]
[SourceTitle "EXT 2024"]
[Source "ChessBase"]
[SourceDate "2023.10.10"]
[SourceVersion "1"]
[SourceVersionDate "2023.10.10"]
[SourceQuality "1"]

1. e4 e5 2. Nf3 Nc6 3. Nc3 Nf6 4. d3 d5 5. Be2 d4 6. Nb5 a6 7. Na3 Bxa3 8. bxa3 0-0 9. h4 h6 10. g4 Bxg4 11. Nxe5 Nxe5 12. Bxg4 Nexg4 13. Rg1 Qd7 14. e5 Nxe5 15. Bxh6 Ng6 16. h5 Rfe8+ 17. Kd2 gxh6 18. hxg6 fxg6 19. Qh5 Nxh5 20. Rxg6+ Kf7 21. Rxh6 Qg4 22. Rh7+ Kg6 23. f3 Qxf3 24. Rg7+ Kxg7 25. Rg1+ Kh6 26. Kc1 Re6 27. Kb1 Rb6+ 28. Ka1 Rf8 29. Rb1 Qf1 30. c4 Qxb1# 0-1

[Event "AUT-ch U12"]
[Site "St Veit"]
[Date "2019.06.08"]
[Round "1.14"]
[White "Stadlinger, Lukas"]
[Black "Ertugrul, Ege"]
[Result "1-0"]
[WhiteElo "1418"]
[BlackElo "998"]
[PlyCount "57"]
[EventDate "2019.06.08"]
[EventType "swiss"]
[EventRounds "7"]
[EventCountry "AUT"]
[SourceTitle "EXT 2024"]
[Source "ChessBase"]
[SourceDate "2023.10.10"]
[SourceVersion "1"]
[SourceVersionDate "2023.10.10"]
[SourceQuality "1"]

1. e4 e5 2. Nf3 Nc6 3. d4 exd4 4. Bc4 Nf6 5. e5 d5 6. Bb5 Qe7 7. 0-0 Ne4 8. Nxd4 Qxe5 9. Nxc6 bxc6 10. Bxc6+ Bd7 11. Bxa8 Bd6 12. g3 Nxg3 13. hxg3 Bh3 14. Re1 0-0 15. Rxe5 Bxe5 16. Bxd5 h6 17. Bg2 Bf5 18. Nc3 h5 19. Bf4 Bxf4 20. gxf4 g6 21. Nd5 c6 22. Ne7+ Kh8 23. Nxf5 f6 24. Ne7 Kh7 25. Nxc6 a5 26. Nxa5 f5 27. Qd7+ Kh6 28. Re1 g5 29. Re6+ 1-0